|
|
|
|
| LEADER |
00000cam a22000004a 4500 |
| 001 |
musev2_110730 |
| 003 |
MdBmJHUP |
| 005 |
20230905054506.0 |
| 006 |
m o d |
| 007 |
cr||||||||nn|n |
| 008 |
161104s2017 msu o 00 0 eng d |
| 010 |
|
|
|z 2016036166
|
| 020 |
|
|
|a 9781496811516
|
| 020 |
|
|
|z 9781496811479
|
| 035 |
|
|
|a (OCoLC)992781880
|
| 040 |
|
|
|a MdBmJHUP
|c MdBmJHUP
|
| 100 |
1 |
|
|a Schepisi, Fred,
|e interviewee.
|
| 245 |
1 |
0 |
|a Fred Schepisi :
|b Interviews /
|c edited by Tom Ryan.
|
| 264 |
|
1 |
|a Jackson :
|b University Press of Mississippi,
|c [2017]
|
| 264 |
|
3 |
|a Baltimore, Md. :
|b Project MUSE,
|c 2023
|
| 264 |
|
4 |
|c ©[2017]
|
| 300 |
|
|
|a 1 online resource (240 pages):
|b illustrations ;
|
| 336 |
|
|
|a text
|b txt
|2 rdacontent
|
| 337 |
|
|
|a computer
|b c
|2 rdamedia
|
| 338 |
|
|
|a online resource
|b cr
|2 rdacarrier
|
| 490 |
0 |
|
|a Conversations with filmmakers series
|
| 505 |
0 |
|
|a Fred Schepisi / Sue Mathews (1984) -- Devil's playground: an interview with Fred Schepisi / Brian McFarlane (2015) -- Playboy interview: Fred Schepisi / Rennie Ellis (1982) -- Fred Schepisi: the Australian director talks about his new controversial film, Barbarosa / Michael Sragow (1982) -- Altered states in The great white north / James Verniere (1983) -- Fred Schepisi: taking Hollywood by drizzle / David Edelstein (1984) -- Man of plenty / Brent Lewis (1985) -- Man of plenty / David Stratton (1986) -- Dialogue on film: Fred Schepisi / American film (1987) -- The making of Evil angels: director Fred Schepisi talks about private moments, public realities and dingoes / Philippa Hawker (1988) -- The man Meryl Streep trusts / Rennie Ellis (1989) -- Fred Schepisi / Peter Malone (1998) -- Fred Schepisi: pushing the boundaries / Scott Murray (1990) -- A cinematic gallant / Stephen Schiff (1993) -- Last orders: an interview with Fred Schepisi / Cynthia Fuchs (2001) -- Fred Schepisi on last orders / Tom Ryan (2001) -- Fred Schepisi on It runs in the family / Tom Ryan (2003) -- Shooting dialogue as action: an interview with Fred Schepisi / Fincina Hopgood (2011) -- All against one and one against all: Fred Schepisi's outsiders / Dan Callahan (2014) -- Fred Schepisi on making movies, "what I'm most interested in 'always" is the humanity of the piece" / Tom Ryan (2015).
|
| 588 |
|
|
|a Description based on print version record.
|
| 600 |
1 |
7 |
|a Schepisi, Fred.
|2 fast
|0 (OCoLC)fst00095377
|
| 600 |
1 |
0 |
|a Schepisi, Fred
|v Interviews.
|
| 650 |
|
7 |
|a Motion picture producers and directors.
|2 fast
|0 (OCoLC)fst01027225
|
| 650 |
|
6 |
|a Producteurs et realisateurs de cinema
|z Australie
|v Entretiens.
|
| 650 |
|
0 |
|a Motion picture producers and directors
|z Australia
|v Interviews.
|
| 651 |
|
7 |
|a Australia.
|2 fast
|0 (OCoLC)fst01204543
|
| 655 |
|
7 |
|a Interviews.
|2 rvmgf
|
| 655 |
|
7 |
|a Interviews.
|2 lcgft
|
| 655 |
|
7 |
|a Interviews.
|2 fast
|0 (OCoLC)fst01423832
|
| 655 |
|
7 |
|a interviews.
|2 aat
|
| 655 |
|
7 |
|a Electronic books.
|2 local
|
| 700 |
1 |
|
|a Ryan, Tom
|c (Film writer),
|e editor.
|
| 710 |
2 |
|
|a Project Muse.
|e distributor
|
| 830 |
|
0 |
|a Book collections on Project MUSE.
|
| 856 |
4 |
0 |
|z Texto completo
|u https://projectmuse.uam.elogim.com/book/110730/
|
| 945 |
|
|
|a Project MUSE - Custom Collection
|
| 945 |
|
|
|a Project MUSE - 2023 Annual Backfile - Unpurchased
|